| 000 | 00748nac a22002051u 4500 | ||
|---|---|---|---|
| 010 | _a 94033563 | ||
| 020 | _a0131915452 (recycled paper) | ||
| 082 | 0 | 0 |
_a005.7565 _bLAL |
| 090 |
_c9279 _d9279 |
||
| 100 | _aLalwani, Rajesh. | ||
| 245 | 1 | 0 |
_aPower programming with Gupta SQLWindows / _cRajesh Lalwani. |
| 260 |
_aEnglewood Cliffs, N.J. : _bPTR Prentice Hall,1995 _cc1995. |
||
| 300 |
_axxiv, 328 p. : _bill. ; _c24 cm. + _e1 computer disk (3 1/2 in.) |
||
| 500 | _aIncludes index. | ||
| 500 | _adistributer: Al-Ahram | ||
| 511 | _acatalogued by: wessam | ||
| 538 | _aSystem requirements for accompanying computer disk: PC; DOS. | ||
| 650 | 0 | _aWindows (Computer programs) | |
| 942 |
_cBB _k005.7565LAL |
||
| 999 |
_c9279 _d9279 |
||